As 20 Maiores Cidades da Coreia do Sul - Statistics

Estatísticas Gerais
  • Esse quiz foi jogado 15 vezes
  • A pontuação média é 4 de 20
Estatísticas das Respostas
População Cidade % Correto
9,58 mi Seul
100%
3,34 mi Busan
85%
2,94 mi Incheon
38%
2,41 mi Daegu
31%
1,47 mi Gwangju
23%
922 mil Seongnam
23%
717 mil Ansan
15%
552 mil Gimhae
15%
1,04 mi Goyang
15%
1,13 mi Ulsan
15%
1,02 mi Changwon
8%
1,48 mi Daejeon
8%
666 mil Jeonju
8%
696 mil Namyangju
8%
1,21 mi Suwon
8%
1,06 mi Yongin
8%
833 mil Bucheon
0%
682 mil Cheonan
0%
855 mil Cheongju
0%
880 mil Hwaseong
0%
Nenhum quiz correspondente encontrado
Distribuição das Pontuações
Porcentagem de Pessoas com Cada Pontuação
Percentil de Números Respondidos
Sua Pontuação Histórica
Você não jogou esse quiz